000 00509nam a2200193Ia 4500
005 20240823053247.0
008 240823s9999||||xx |||||||||||||| ||und||
020 _a978-1902-6535-32
041 _aENGLISH
082 _A620.0015135 P6
100 _aEntwistle K M
245 0 _aBasic Principles of the Finite Element Method
250 _a1st
260 _c2006
_b"Woodhead Publishing,En"
500 _aYES
650 _aFinite Element Method
_bAeronautical Engineering
942 _cBK
999 _c223765
_d223765